000 01338 a2200181 4500
003 Nust
005 20221024142651.0
020 _a8121908175
040 _cNust
082 _a621.3,AVA
100 _aAvadhanulu, M.N.
_9101277
245 _aA textbook of engineering physics /
_cM. N. Avadhanulu and P.G. Kshirsagar
260 _aNew Delhi
_bS. Chand
_cc1992
300 _axiv, 758p.
505 _aElectric and Magnetic Fields (Page-1), Mazwell's Equations (Page-28), Elctron Emission (Page-36), Electron Ballistics Electric and Magnetic Fields (Page-1), Mazwell's Equations (Page-28), Elctron Emission (Page-43), Electron Optics(Page-70), Properties of Light (Page-105), Interference and Diffraction (Page-142), Polarization (Page-181),Special Theory of Relativity (Page-224),Elements of Thermodynamics (Page-252), Architectural Acoustics (Page-277), Ultrasonics (Page-295), Atomicphysics (Page-305), Lasers (Page-395), Atomicnucleus and Nuclearenergy (Page-422),Structure of Solids (Page-468), The Bad Theory of Solids (Page-506), Semiconductors (Page-527), PN- Junction Diode (Page-564),Bipolar junction Transistor (Page-589), Magnetic Materials (Page-608),Super Conductivity (Page-644), Dielectrics (Page-665),Fiber Optics (Page-698), Digital Electronics (Page-726).
650 _aTelecommunication Engineering
942 _2ddc
_cBK
999 _c188447
_d188447